[Event "FRA-chT2 0910"]
[Site "France"]
[Date "2009.10.04"]
[Round "1.1"]
[White "Ribeiro, Romain"]
[Black "Gillet, Richard"]
[Result "1-0"]
[WhiteElo "2169"]
[BlackElo "2101"]
[PlyCount "73"]
[EventDate "2009.09.27"]
[EventType "team"]
[EventRounds "11"]
[EventCountry "FRA"]
[Source "ChessBase"]
[SourceDate "2010.03.11"]

1. e4 c5 2. Nc3 Nc6 3. Nf3 d6 4. d4 cxd4 5. Nxd4 Nf6 6. f3 e6 7. Be3 Be7 8. Qd2
a6 9. g4 h6 10. h4 Qa5 11. Rg1 Nd7 12. Qf2 Nde5 13. g5 hxg5 14. Nb3 Qc7 15. Bb6
Qb8 16. hxg5 Rh2 17. Qe3 Nd7 18. Na4 Nxb6 19. Nxb6 Qa7 20. Nd2 Ne5 21. a4 a5
22. O-O-O Bd8 23. Bb5+ Bd7 24. Bxd7+ Nxd7 25. Nbc4 Qxe3 26. Nxe3 Bb6 27. Ndc4
Bxe3+ 28. Nxe3 Ke7 29. f4 Rc8 30. f5 Nc5 31. f6+ gxf6 32. gxf6+ Kf8 33. Ng4 Rh8
34. e5 d5 35. Rh1 Rg8 36. Nh6 Rh8 37. Nf5 1-0

[Event "FRA-chT2 0910"]
[Site "France"]
[Date "2009.10.04"]
[Round "1.1"]
[White "Shchekachev, Andrei"]
[Black "Schwalfenberg, Joerg"]
[Result "0-1"]
[WhiteElo "2539"]
[BlackElo "2317"]
[PlyCount "70"]
[EventDate "2009.09.27"]
[EventType "team"]
[EventRounds "11"]
[EventCountry "FRA"]
[Source "ChessBase"]
[SourceDate "2010.03.11"]
[WhiteTeam "Meaux"]

1. Nf3 d5 2. d4 Nf6 3. c4 c6 4. Nc3 g6 5. cxd5 cxd5 6. Bf4 Nc6 7. h3 Bg7 8. e3
O-O 9. Bd3 a6 10. Rc1 Bd7 11. O-O e6 12. a3 Qa5 13. Qb3 b5 14. Rc2 Rfc8 15.
Rfc1 Qd8 16. Qa2 Bf8 17. Nb1 Qa5 18. Nc3 b4 19. Nb1 bxa3 20. bxa3 Nb4 21. Rxc8
Nxa2 22. Rxa8 Nxc1 23. Rxa6 Qd8 24. Bf1 Qc8 25. Nbd2 Bc6 26. Ra7 Bb7 27. Ne5
Ne8 28. Ndf3 f6 29. Ng4 g5 30. Bb5 gxf4 31. Bxe8 Bg7 32. Bb5 h5 33. Ngh2 fxe3
34. fxe3 Qb8 35. Ra4 Bf8 0-1

[Event "FRA-chT2 0910"]
[Site "France"]
[Date "2009.10.04"]
[Round "1.1"]
[White "Simon, Olivier"]
[Black "Payen, Arnaud"]
[Result "0-1"]
[WhiteElo "2317"]
[BlackElo "2356"]
[PlyCount "98"]
[EventDate "2009.09.27"]
[EventType "team"]
[EventRounds "11"]
[EventCountry "FRA"]
[Source "ChessBase"]
[SourceDate "2010.03.11"]

1. e4 e5 2. Nf3 Nc6 3. Bb5 a6 4. Ba4 Nf6 5. O-O Be7 6. Re1 b5 7. Bb3 d6 8. c3
O-O 9. h3 Nd7 10. d4 Nb6 11. Nbd2 Bf6 12. Nf1 Re8 13. Ng3 g6 14. Bh6 Na5 15.
Bc2 c5 16. d5 Bd7 17. b3 Nb7 18. Qd2 a5 19. Nh2 c4 20. Ng4 Bh4 21. Kh2 f6 22.
Rf1 Bg5 23. Bxg5 fxg5 24. Ne2 Rf8 25. g3 Bxg4 26. hxg4 Nc5 27. b4 axb4 28. cxb4
Nca4 29. Kg2 Qf6 30. f3 Ra7 31. Nc3 Nxc3 32. Qxc3 Rfa8 33. a3 Qd8 34. Rf2 h5
35. gxh5 gxh5 36. Qe3 Rh7 37. Kf1 Raa7 38. Ke2 Rag7 39. f4 exf4 40. gxf4 Nxd5
41. exd5 Re7 42. Bxh7+ Kxh7 43. f5 Rxe3+ 44. Kxe3 Qf6 45. Rd1 g4 46. Ke2 g3 47.
Rf3 h4 48. Kf1 Qb2 49. f6 Qh2 0-1

[Event "FRA-chT2 0910"]
[Site "France"]
[Date "2009.10.04"]
[Round "1.1"]
[White "Toma, Michal"]
[Black "Dicko, Henri"]
[Result "1-0"]
[WhiteElo "2211"]
[BlackElo "2219"]
[PlyCount "61"]
[EventDate "2009.09.27"]
[EventType "team"]
[EventRounds "11"]
[EventCountry "FRA"]
[Source "ChessBase"]
[SourceDate "2010.03.11"]

1. e4 e5 2. f4 exf4 3. Nf3 Be7 4. Bc4 Bh4+ 5. Kf1 d6 6. d4 Bg4 7. Qd3 Nc6 8.
Nc3 Bxf3 9. gxf3 Nge7 10. Bxf4 Ng6 11. Bg3 Qd7 12. Kg2 O-O-O 13. Bb5 Kb8 14.
Nd5 a6 15. a4 Rhf8 16. Ne3 Bg5 17. Nf5 Kc8 18. Bxa6 Nge7 19. Qb5 bxa6 20. Nxe7+
Nxe7 21. Qxa6+ Kb8 22. Ra3 Nc8 23. Rb3+ Nb6 24. a5 Qa4 25. Rd1 f6 26. e5 f5 27.
Bf2 d5 28. Rdd3 Qc4 29. Rb5 Rf7 30. axb6 c6 31. Ra3 1-0

[Event "FRA-chT2 0910"]
[Site "France"]
[Date "2009.10.04"]
[Round "1.1"]
[White "Vicol, Dorian"]
[Black "Pytel, Krzysztof"]
[Result "0-1"]
[WhiteElo "2381"]
[BlackElo "2383"]
[PlyCount "68"]
[EventDate "2009.09.27"]
[EventType "team"]
[EventRounds "11"]
[EventCountry "FRA"]
[Source "ChessBase"]
[SourceDate "2010.03.11"]
[BlackTeam "Livry Gargan"]

1. e4 d5 2. exd5 Qxd5 3. Nc3 Qd6 4. d4 Nf6 5. Nf3 c6 6. g3 Bg4 7. Bg2 e6 8. Bf4
Qd8 9. O-O Bd6 10. Qd2 O-O 11. Ne5 Bf5 12. Qe2 Nd5 13. Nxd5 exd5 14. c4 dxc4
15. Qxc4 Bxe5 16. Bxe5 Nd7 17. Bd6 Re8 18. a4 Nf6 19. Be5 Nd5 20. Rfe1 Be6 21.
Qc5 Qd7 22. Qd6 Rad8 23. Bxd5 Qxd6 24. Bxd6 Rxd6 25. Bxe6 Rexe6 26. Rxe6 fxe6
27. b4 Rxd4 28. b5 c5 29. Kg2 Kf7 30. Kf3 Ke7 31. Ke3 Kd6 32. h4 e5 33. h5 Kd5
34. f3 c4 0-1

[Event "FRA-chT2 0910"]
[Site "France"]
[Date "2009.10.04"]
[Round "1.2"]
[White "Bauduin, Etienne"]
[Black "Jadoul, Michel"]
[Result "1/2-1/2"]
[WhiteElo "2245"]
[BlackElo "2307"]
[PlyCount "52"]
[EventDate "2009.09.27"]
[EventType "team"]
[EventRounds "11"]
[EventCountry "FRA"]
[Source "ChessBase"]
[SourceDate "2010.03.11"]

1. c4 e5 2. g3 Nc6 3. Nc3 g6 4. Bg2 Bg7 5. e4 Nd4 6. Nge2 Nxe2 7. Qxe2 Ne7 8.
d3 Nc6 9. Be3 Nd4 10. Qd2 d6 11. O-O Be6 12. f4 Qd7 13. Rf2 c6 14. Raf1 f5 15.
fxe5 dxe5 16. Na4 b6 17. Bxd4 exd4 18. exf5 gxf5 19. b4 O-O 20. Nb2 Rae8 21. a4
a6 22. Re2 Rf6 23. Qe1 Bh6 24. Nd1 Bf7 25. Rxe8+ Bxe8 26. Qe5 Bg7 1/2-1/2

[Event "FRA-chT2 0910"]
[Site "France"]
[Date "2009.10.04"]
[Round "1.2"]
[White "Becker, Martin Alexander"]
[Black "Maatoug, Redwan"]
[Result "1-0"]
[WhiteElo "2407"]
[BlackElo "2218"]
[PlyCount "103"]
[EventDate "2009.09.27"]
[EventType "team"]
[EventRounds "11"]
[EventCountry "FRA"]
[Source "ChessBase"]
[SourceDate "2010.03.11"]

1. d4 d5 2. c4 c6 3. Nf3 Nf6 4. e3 e6 5. Nc3 Be7 6. Qc2 O-O 7. b3 dxc4 8. Bxc4
b5 9. Bd3 Na6 10. a3 b4 11. Ne4 bxa3 12. Nxf6+ gxf6 13. O-O Nb4 14. Qd2 Nxd3
15. Qxd3 Bb7 16. Bxa3 Bxa3 17. Rxa3 c5 18. e4 Qb6 19. dxc5 Qxc5 20. Ra4 Rfd8
21. Nd4 Qe5 22. f3 Qc5 23. Qe3 Rd7 24. Nf5 Qxe3+ 25. Nxe3 Bc6 26. Rb4 Rb7 27.
Rxb7 Bxb7 28. Ra1 Kf8 29. Ra5 Ke7 30. Kf2 Bc6 31. Nc2 Bd7 32. Ke3 Rb8 33. b4
Rb7 34. Rh5 Rc7 35. Kd3 Ba4 36. Nd4 e5 37. Nf5+ Ke6 38. Ne3 Bb5+ 39. Kd2 Rd7+
40. Kc2 Rd4 41. Rxh7 Rxb4 42. Rh6 Ba4+ 43. Kc1 Rb6 44. Nd5 Rc6+ 45. Kb1 Kd6 46.
Rxf6+ Kc5 47. Rxc6+ Bxc6 48. h4 Bxd5 49. h5 f5 50. exd5 e4 51. h6 e3 52. Kc2
1-0

[Event "FRA-chT2 0910"]
[Site "France"]
[Date "2009.10.04"]
[Round "1.2"]
[White "Bekkat, Azzedine"]
[Black "Pozdnjakov, Viatcheslav"]
[Result "0-1"]
[WhiteElo "2168"]
[BlackElo "2215"]
[PlyCount "88"]
[EventDate "2009.09.27"]
[EventType "team"]
[EventRounds "11"]
[EventCountry "FRA"]
[Source "ChessBase"]
[SourceDate "2010.03.11"]

1. d4 d5 2. c4 c6 3. cxd5 cxd5 4. Nc3 Nf6 5. Nf3 Nc6 6. Bf4 a6 7. e3 Bf5 8. Rc1
Rc8 9. Bd3 Bxd3 10. Qxd3 e6 11. O-O Be7 12. Na4 Nd7 13. Rfd1 O-O 14. Rd2 Nb4
15. Rxc8 Qxc8 16. Qb3 b5 17. Nc3 Nb6 18. a3 Nc6 19. Nd1 Na5 20. Qd3 Qc4 21. Ne5
Qxd3 22. Rxd3 f6 23. Nf3 Rc8 24. Rc3 Rxc3 25. Nxc3 Nbc4 26. Nd1 Kf7 27. Kf1 Nb3
28. Bc7 a5 29. Ne1 Ke8 30. Nd3 Kd7 31. Bg3 a4 32. Ke2 b4 33. axb4 Nxb2 34. Nc3
a3 35. Na2 Kc6 36. Nc5 Bxc5 37. bxc5 e5 38. Nb4+ Kb5 39. c6 Kxb4 40. c7 a2 41.
c8=Q a1=Q 42. Qb7+ Kc3 43. Qc6+ Nc4 44. dxe5 Nbd2 0-1

[Event "FRA-chT2 0910"]
[Site "France"]
[Date "2009.10.04"]
[Round "1.2"]
[White "Blum, Nicolas"]
[Black "Dubreuil, Julien"]
[Result "1-0"]
[WhiteElo "2234"]
[BlackElo "2264"]
[PlyCount "113"]
[EventDate "2009.09.27"]
[EventType "team"]
[EventRounds "11"]
[EventCountry "FRA"]
[Source "ChessBase"]
[SourceDate "2010.03.11"]

1. e4 e6 2. d4 d5 3. Nc3 Nf6 4. e5 Nfd7 5. f4 c5 6. Nf3 a6 7. Be3 b5 8. a3 Bb7
9. dxc5 Bxc5 10. Bxc5 Nxc5 11. b4 Ncd7 12. Ne2 Nc6 13. Ned4 Rc8 14. Qd2 O-O 15.
Be2 Nb6 16. Nxc6 Rxc6 17. Nd4 Rc8 18. O-O Nc4 19. Qd3 Qb6 20. Kh1 Nb2 21. Qe3
Nc4 22. Bxc4 dxc4 23. c3 f6 24. Rae1 Bd5 25. Kg1 Qb7 26. Rf2 f5 27. Ra1 Rb8 28.
a4 Qd7 29. Rfa2 Rb7 30. axb5 axb5 31. Ra5 Rfb8 32. Qf2 h6 33. Ra6 Qf7 34. Qg3
Rb6 35. Ra7 R8b7 36. R7a5 Kh7 37. R1a2 Rb8 38. Ra7 R8b7 39. R7a5 Rb8 40. Qf2
Qh5 41. Ra1 R6b7 42. Ra6 Qf7 43. h3 Rg8 44. Ne2 Qh5 45. Ra7 Rgb8 46. Nd4 Rf7
47. Nxb5 Rxa7 48. Rxa7 Qe8 49. Nd6 Qc6 50. Kh2 Qb6 51. Qxb6 Rxb6 52. Ne8 Bb7
53. Nc7 Bc8 54. Kg3 Rc6 55. Ne8 Ra6 56. Rxg7+ Kh8 57. Rc7 1-0

[Event "FRA-chT2 0910"]
[Site "France"]
[Date "2009.10.04"]
[Round "1.2"]
[White "Cekro, Ekrem"]
[Black "Dobosz, Henryk"]
[Result "1/2-1/2"]
[WhiteElo "2380"]
[BlackElo "2367"]
[PlyCount "90"]
[EventDate "2009.09.27"]
[EventType "team"]
[EventRounds "11"]
[EventCountry "FRA"]
[Source "ChessBase"]
[SourceDate "2010.03.11"]

1. c4 c6 2. b3 d5 3. Bb2 Bf5 4. Nf3 e6 5. g3 Nf6 6. Bg2 Nbd7 7. O-O h6 8. d3
Bh7 9. Nbd2 Be7 10. Qc2 O-O 11. a3 a5 12. Bc3 c5 13. e4 d4 14. Bb2 e5 15. h3
Qc7 16. Bc1 Rfe8 17. Nh4 Bd6 18. Nf5 Bf8 19. Re1 a4 20. Rb1 axb3 21. Rxb3 Ra6
22. Qb1 Rb6 23. Nf1 Rxb3 24. Qxb3 Qb6 25. Qc2 Qa5 26. Re2 Re6 27. Qb1 Rb6 28.
Rb2 Rxb2 29. Qxb2 Qb6 30. Qc2 Qa6 31. Qb2 Qb6 32. Qc2 Qa6 33. Nd2 Nb6 34. Nh4
Qa4 35. Qb3 Nfd7 36. g4 Qa8 37. Nf5 Nc8 38. Qb2 Ncb6 39. Qc2 Nc8 40. Nf3 Ne7
41. Nd6 Nc6 42. Nb5 Qd8 43. Qd2 Be7 44. Qe1 Nf8 45. Bd2 Ne6 1/2-1/2

[Event "FRA-chT2 0910"]
[Site "France"]
[Date "2009.10.04"]
[Round "1.2"]
[White "Collas, Didier"]
[Black "Gaudineau, Eric"]
[Result "1/2-1/2"]
[WhiteElo "2422"]
[BlackElo "2321"]
[PlyCount "27"]
[EventDate "2009.09.27"]
[EventType "team"]
[EventRounds "11"]
[EventCountry "FRA"]
[Source "ChessBase"]
[SourceDate "2010.03.11"]

1. d4 Nf6 2. Nf3 e6 3. e3 c5 4. Bd3 d5 5. O-O Nc6 6. b3 Bd6 7. Bb2 O-O 8. c4
cxd4 9. exd4 b6 10. Nc3 Bb7 11. cxd5 exd5 12. Re1 a6 13. a3 Rc8 14. Rc1 1/2-1/2

[Event "FRA-chT2 0910"]
[Site "France"]
[Date "2009.10.04"]
[Round "1.2"]
[White "Dussart, Frederic"]
[Black "Cathelineau, Didier"]
[Result "1-0"]
[WhiteElo "2264"]
[BlackElo "2203"]
[PlyCount "91"]
[EventDate "2009.09.27"]
[EventType "team"]
[EventRounds "11"]
[EventCountry "FRA"]
[Source "ChessBase"]
[SourceDate "2010.03.11"]

1. e4 c5 2. Nf3 d6 3. d4 cxd4 4. Nxd4 Nf6 5. Nc3 a6 6. Be3 e5 7. Nb3 Be7 8. f3
Be6 9. Qd2 Nbd7 10. g4 h6 11. O-O-O Qc7 12. h4 O-O-O 13. Qf2 Nc5 14. Rg1 Kb8
15. g5 hxg5 16. hxg5 Nfd7 17. Nd5 Bxd5 18. Rxd5 Nb6 19. Rd1 Nca4 20. f4 d5 21.
fxe5 dxe4 22. Rxd8+ Rxd8 23. Bd4 Ka8 24. Qe3 Qc6 25. Be2 Rc8 26. c3 Nd5 27.
Qxe4 Ndxc3 28. Qxc6 Nxe2+ 29. Kd2 Rxc6 30. Kxe2 Nxb2 31. Rh1 Kb8 32. Rh7 Rc2+
33. Kf3 Bxg5 34. Rxg7 Bd8 35. Rxf7 Na4 36. e6 Rc6 37. e7 Bxe7 38. Rxe7 Rc2 39.
Re2 Rxe2 40. Kxe2 b6 41. Kd3 Kb7 42. Kc4 Kc6 43. Kb4 b5 44. Ka5 Kd5 45. Kxa6
Kc4 46. Ka5 1-0

[Event "FRA-chT2 0910"]
[Site "France"]
[Date "2009.10.04"]
[Round "1.2"]
[White "Faber, Michel"]
[Black "Fantinel, Thibault"]
[Result "1/2-1/2"]
[WhiteElo "2239"]
[BlackElo "2144"]
[PlyCount "64"]
[EventDate "2009.09.27"]
[EventType "team"]
[EventRounds "11"]
[EventCountry "FRA"]
[Source "ChessBase"]
[SourceDate "2010.03.11"]

1. c4 c5 2. Nc3 g6 3. e3 Bg7 4. d4 Nf6 5. d5 d6 6. Nf3 e6 7. Be2 exd5 8. Nxd5
O-O 9. O-O Nc6 10. Bd2 Ne4 11. Bc3 Nxc3 12. Nxc3 Bxc3 13. bxc3 Be6 14. Qc2 Qf6
15. Rad1 Rad8 16. Nd2 Rfe8 17. e4 Qg7 18. f4 f6 19. Rf2 Bf7 20. Bd3 Kh8 21.
Rdf1 Re7 22. Be2 Qg8 23. Qd3 Na5 24. Rf3 Qe8 25. R1f2 Qa4 26. Rf1 Kg8 27. Rb1
Qe8 28. Rf2 b6 29. Bf3 Qa4 30. Be2 Qe8 31. Bf3 Qa4 32. Be2 Qe8 1/2-1/2

[Event "FRA-chT2 0910"]
[Site "France"]
[Date "2009.10.04"]
[Round "1.2"]
[White "Guyader, Thierry"]
[Black "Luco, Alain"]
[Result "0-1"]
[WhiteElo "2163"]
[BlackElo "2139"]
[PlyCount "70"]
[EventDate "2009.09.27"]
[EventType "team"]
[EventRounds "11"]
[EventCountry "FRA"]
[Source "ChessBase"]
[SourceDate "2010.03.11"]

1. Nf3 Nf6 2. d4 c5 3. c4 cxd4 4. Nxd4 e5 5. Nb5 d5 6. cxd5 Bc5 7. e3 e4 8. Be2
O-O 9. N1c3 a6 10. Nd4 Re8 11. a3 Nxd5 12. Nxd5 Qxd5 13. b4 Bxd4 14. Qxd4 Qxd4
15. exd4 Be6 16. O-O Nc6 17. Be3 Red8 18. Rfd1 f5 19. Rac1 Bd5 20. Rc5 Kf7 21.
Bg5 Rd7 22. Rxd5 Rxd5 23. Bc4 Ke6 24. f3 h6 25. fxe4 fxe4 26. Bh4 g5 27. Bg3
Rad8 28. Re1 Kf5 29. Rf1+ Kg6 30. Bxd5 Rxd5 31. Rd1 Rxd4 32. Rb1 e3 33. Kf1 Rd3
34. a4 b5 35. axb5 axb5 0-1

[Event "FRA-chT2 0910"]
[Site "France"]
[Date "2009.10.04"]
[Round "1.2"]
[White "Herdier, Goulwenn"]
[Black "Gaborit, Jean Pierre"]
[Result "0-1"]
[WhiteElo "2157"]
[BlackElo "2228"]
[PlyCount "98"]
[EventDate "2009.09.27"]
[EventType "team"]
[EventRounds "11"]
[EventCountry "FRA"]
[Source "ChessBase"]
[SourceDate "2010.03.11"]

1. e4 e6 2. d4 d5 3. Nc3 Bb4 4. Bd3 dxe4 5. Bxe4 Nf6 6. Bf3 c5 7. a3 Bxc3+ 8.
bxc3 Nc6 9. Ne2 e5 10. Bxc6+ bxc6 11. O-O exd4 12. cxd4 O-O 13. Re1 Re8 14. Be3
Ng4 15. Nf4 Nxe3 16. Rxe3 Rxe3 17. fxe3 Qe7 18. Qd2 Bf5 19. d5 cxd5 20. Nxd5
Qe5 21. Rd1 Be4 22. Nc3 Bc6 23. Qd3 Re8 24. Re1 h6 25. e4 f5 26. Qc4+ Kh8 27.
Rd1 fxe4 28. Ne2 Rf8 29. Ng3 e3 30. Rf1 Rxf1+ 31. Qxf1 Kg8 32. Qe2 Qg5 33. Nf1
Bxg2 34. Qxe3 Bxf1+ 35. Qxg5 hxg5 36. Kxf1 Kf7 37. Kf2 Kf6 38. h3 Kg6 39. Kg3
Kh5 40. a4 a5 41. Kg2 g4 42. Kg3 gxh3 43. Kxh3 g5 44. Kg3 g4 45. Kg2 Kg5 46.
Kg3 Kf5 47. c4 Kg5 48. Kg2 Kf5 49. Kf2 Ke4 0-1

[Event "FRA-chT2 0910"]
[Site "France"]
[Date "2009.10.04"]
[Round "1.2"]
[White "Jessel, Stephen"]
[Black "Romieux, Sebastien"]
[Result "0-1"]
[WhiteElo "2293"]
[BlackElo "2263"]
[PlyCount "36"]
[EventDate "2009.09.27"]
[EventType "team"]
[EventRounds "11"]
[EventCountry "FRA"]
[Source "ChessBase"]
[SourceDate "2010.03.11"]

1. Nf3 e6 2. c4 f5 3. g3 b6 4. Bg2 Bb7 5. O-O Nf6 6. Re1 a5 7. a3 Na6 8. b3 Nc5
9. Bb2 Be7 10. Qc2 O-O 11. Nc3 Qe8 12. d4 Nce4 13. Ng5 Qh5 14. h4 Ng4 15. Ncxe4
fxe4 16. Nxe4 Bxh4 17. gxh4 Qxh4 18. Bf3 Bxe4 0-1

[Event "FRA-chT2 0910"]
[Site "France"]
[Date "2009.10.04"]
[Round "1.2"]
[White "Jolly, Jean Francois"]
[Black "Le Borgne, Pierre"]
[Result "1-0"]
[WhiteElo "2398"]
[BlackElo "2228"]
[PlyCount "71"]
[EventDate "2009.09.27"]
[EventType "team"]
[EventRounds "11"]
[EventCountry "FRA"]
[Source "ChessBase"]
[SourceDate "2010.03.11"]

1. d4 Nf6 2. c4 e6 3. Nc3 Bb4 4. Qc2 O-O 5. e4 c5 6. a3 Qa5 7. axb4 Qxa1 8.
bxc5 Nc6 9. Nf3 e5 10. dxe5 Ng4 11. Be2 Qa5 12. h3 Ngxe5 13. Nxe5 Nxe5 14. f4
Nc6 15. Be3 b6 16. cxb6 axb6 17. O-O Ba6 18. Rd1 Nb4 19. Qb3 Rac8 20. Kh2 Rfd8
21. Bd2 Qc5 22. Na4 Qf2 23. Bf1 Nc6 24. Be3 Qh4 25. Nxb6 Rb8 26. Qa3 Bb7 27. e5
Qh5 28. Rd2 Nxe5 29. fxe5 Qxe5+ 30. Kg1 d5 31. Rf2 Qe6 32. c5 Bc6 33. Bd4 Qe4
34. Qc3 f6 35. b4 Bb7 36. b5 1-0

[Event "FRA-chT2 0910"]
[Site "France"]
[Date "2009.10.04"]
[Round "1.2"]
[White "Laporte, Damien"]
[Black "Ducret, Thomas"]
[Result "1/2-1/2"]
[WhiteElo "2203"]
[BlackElo "2201"]
[PlyCount "48"]
[EventDate "2009.09.27"]
[EventType "team"]
[EventRounds "11"]
[EventCountry "FRA"]
[Source "ChessBase"]
[SourceDate "2010.03.11"]

1. e4 c5 2. Nf3 e6 3. Be2 Nc6 4. O-O Nf6 5. Nc3 d6 6. d4 cxd4 7. Nxd4 Be7 8.
Be3 O-O 9. Qd2 a6 10. f4 Qc7 11. Bf3 Re8 12. Qf2 Bf8 13. Nb3 Nd7 14. a4 b6 15.
Rad1 Rb8 16. Kh1 Bb7 17. Rd2 Na5 18. Nxa5 bxa5 19. Ba7 Ra8 20. Bd4 Bc6 21. Qg3
g6 22. f5 Ne5 23. Rdf2 Bg7 24. Be2 Qb7 1/2-1/2

[Event "FRA-chT2 0910"]
[Site "France"]
[Date "2009.10.04"]
[Round "1.2"]
[White "Lefebvre, Herve"]
[Black "Gulbas, Cemil"]
[Result "0-1"]
[WhiteElo "2266"]
[BlackElo "2356"]
[PlyCount "94"]
[EventDate "2009.09.27"]
[EventType "team"]
[EventRounds "11"]
[EventCountry "FRA"]
[Source "ChessBase"]
[SourceDate "2010.03.11"]

1. e4 d6 2. d4 Nf6 3. Nc3 g6 4. Nf3 Bg7 5. Be3 c6 6. h3 b5 7. Bd3 Qc7 8. O-O a6
9. a4 Bb7 10. e5 dxe5 11. dxe5 Nfd7 12. e6 fxe6 13. Ng5 Nf8 14. Qg4 Nbd7 15.
Nxe6 Nxe6 16. Qxe6 Qe5 17. Qg4 Nf6 18. Qh4 O-O 19. Rfe1 Rf7 20. Bd4 Qc7 21. b4
Rd8 22. Be5 Qb6 23. a5 Qa7 24. Rad1 Rd7 25. Bf1 Rxd1 26. Rxd1 c5 27. Rd8+ Rf8
28. Rxf8+ Kxf8 29. Qf4 cxb4 30. Qxb4 Bc6 31. Bd4 Qd7 32. Bd3 Kf7 33. Qc5 Qe6
34. Qe5 Nh5 35. Qxe6+ Kxe6 36. Bxg7 Nxg7 37. Na2 Kd6 38. c4 Kc5 39. cxb5 Bxb5
40. Bxb5 Kxb5 41. Kf1 Kxa5 42. Ke2 Ka4 43. Kd3 Kb3 44. Nc3 a5 45. f4 a4 46. g4
a3 47. h4 h5 0-1

[Event "FRA-chT2 0910"]
[Site "France"]
[Date "2009.10.04"]
[Round "1.2"]
[White "Mohebbi, Jaffar"]
[Black "Reinaldo Castineira, Roi"]
[Result "0-1"]
[WhiteElo "2339"]
[BlackElo "2496"]
[PlyCount "80"]
[EventDate "2009.09.27"]
[EventType "team"]
[EventRounds "11"]
[EventCountry "FRA"]
[Source "ChessBase"]
[SourceDate "2010.03.11"]

1. d4 e6 2. Nf3 Nf6 3. g3 c5 4. Bg2 Qa5+ 5. c3 cxd4 6. Nxd4 Nc6 7. O-O Be7 8.
c4 O-O 9. Nc3 Qc5 10. Nxc6 dxc6 11. b3 Qh5 12. e3 Qg6 13. a4 e5 14. Ba3 Bxa3
15. Rxa3 Bg4 16. Qd6 Qc2 17. b4 Qb2 18. Rfa1 Rad8 19. Qxe5 Rfe8 20. Qc5 Rd3 21.
h3 Bc8 22. b5 Rxc3 23. R3a2 Qb3 24. Ra3 Rxc4 25. Qxa7 Rc1+ 26. Kh2 Qd1 27. Rxc1
Qxc1 28. Rd3 cxb5 29. axb5 Qc2 30. Qd4 Qxf2 31. g4 h6 32. Kh1 Bd7 33. b6 Rc8
34. e4 Qe1+ 35. Kh2 Rc2 36. e5 Bc6 37. Rg3 Bxg2 38. Rxg2 Rxg2+ 39. Kxg2 Qe4+
40. Qxe4 Nxe4 0-1

[Event "FRA-chT2 0910"]
[Site "France"]
[Date "2009.10.04"]
[Round "1.2"]
[White "Monroy, Charles"]
[Black "Crouan, Stephane"]
[Result "1-0"]
[WhiteElo "2422"]
[BlackElo "2245"]
[PlyCount "67"]
[EventDate "2009.09.27"]
[EventType "team"]
[EventRounds "11"]
[EventCountry "FRA"]
[Source "ChessBase"]
[SourceDate "2010.03.11"]

1. Nf3 Nf6 2. c4 g6 3. Nc3 Bg7 4. e4 d6 5. d4 O-O 6. h3 e5 7. d5 c6 8. Be3 a6
9. Be2 cxd5 10. cxd5 Nbd7 11. Nd2 b5 12. g4 Nb6 13. a3 Ne8 14. h4 f5 15. gxf5
gxf5 16. exf5 Bxf5 17. h5 Kh8 18. Nde4 Rc8 19. h6 Bf6 20. Bg4 Bxg4 21. Qxg4 Qd7
22. Qxd7 Nxd7 23. Ke2 Be7 24. Rhg1 Ndf6 25. Ng5 Nc7 26. Rad1 a5 27. Ne6 Nxe6
28. dxe6 b4 29. axb4 axb4 30. Nb5 d5 31. Rg7 Rfe8 32. Bg5 Ng8 33. Bxe7 Rxe7 34.
Nd6 1-0

[Event "FRA-chT2 0910"]
[Site "France"]
[Date "2009.10.04"]
[Round "1.2"]
[White "Ollier, Pablo"]
[Black "Francois, Sebastien"]
[Result "1-0"]
[WhiteElo "2248"]
[BlackElo "2052"]
[PlyCount "63"]
[EventDate "2009.09.27"]
[EventType "team"]
[EventRounds "11"]
[EventCountry "FRA"]
[Source "ChessBase"]
[SourceDate "2010.03.11"]

1. d4 Nf6 2. c4 g6 3. Nc3 Bg7 4. e4 d6 5. Nf3 O-O 6. Be2 c6 7. O-O e5 8. Bg5
Nbd7 9. d5 h6 10. dxc6 bxc6 11. Be3 Qc7 12. h3 Rd8 13. Qd2 Kh7 14. Rad1 Nf8 15.
Ne1 Ne6 16. Nd3 g5 17. Nb4 Rb8 18. a3 a5 19. Nba2 Nf4 20. b4 Be6 21. Rc1 N6h5
22. Nd5 cxd5 23. cxd5 Qb7 24. Bxh5 Nxh5 25. dxe6 Qxe4 26. exf7 Rb7 27. Nc3 Qg6
28. Qd5 Qxf7 29. Qxa5 d5 30. Qxd8 d4 31. Qd5 dxe3 32. Qxf7 1-0

[Event "FRA-chT2 0910"]
[Site "France"]
[Date "2009.10.04"]
[Round "1.2"]
[White "Onkoud, Abdelaziz"]
[Black "Naidji, Tayeb"]
[Result "1-0"]
[WhiteElo "2317"]
[BlackElo "2140"]
[PlyCount "55"]
[EventDate "2009.09.27"]
[EventType "team"]
[EventRounds "11"]
[EventCountry "FRA"]
[Source "ChessBase"]
[SourceDate "2010.03.11"]

1. Nf3 f5 2. d4 Nf6 3. g3 e6 4. Bg2 d5 5. O-O Bd6 6. b3 Qe7 7. c4 c6 8. Bb2 b6
9. Nbd2 Bb7 10. Qc2 O-O 11. Ne5 a5 12. Nd3 Nbd7 13. Rac1 Ne4 14. Nf3 Rac8 15.
Nfe5 c5 16. Nxd7 Qxd7 17. dxc5 Bxc5 18. Nxc5 Nxc5 19. Rfd1 Ne4 20. Bxe4 fxe4
21. Qxe4 Qf7 22. Qe3 dxc4 23. Rxc4 Rxc4 24. bxc4 Qf5 25. f3 Qc5 26. Bd4 Qxc4
27. Bxg7 Rf7 28. Rd8+ 1-0

[Event "FRA-chT2 0910"]
[Site "France"]
[Date "2009.10.04"]
[Round "1.2"]
[White "Prost, Frederic"]
[Black "Filipovic, Branko"]
[Result "0-1"]
[WhiteElo "2141"]
[BlackElo "2444"]
[PlyCount "76"]
[EventDate "2009.09.27"]
[EventType "team"]
[EventRounds "11"]
[EventCountry "FRA"]
[Source "ChessBase"]
[SourceDate "2010.03.11"]

1. d4 b6 2. e4 Bb7 3. Bd3 Nf6 4. Qe2 Nc6 5. c3 e5 6. d5 Nb8 7. Nf3 d6 8. h3
Nbd7 9. Bg5 Be7 10. g4 Nxd5 11. Bd2 N5f6 12. g5 Nh5 13. Rg1 g6 14. Na3 Nc5 15.
O-O-O Qd7 16. h4 Nxd3+ 17. Qxd3 O-O-O 18. c4 f5 19. gxf6 Nxf6 20. Ng5 Rdf8 21.
Nb5 h6 22. Nf3 Bxe4 23. Qa3 Bxf3 24. Qxf3 c6 25. Rxg6 e4 26. Nxd6+ Bxd6 27. Qc3
Qf5 28. Rg7 Rh7 29. Rxh7 Qxh7 30. Be3 Ne8 31. c5 bxc5 32. Qc4 Qe7 33. Qa6+ Qb7
34. Qc4 Qe7 35. Qa6+ Kb8 36. Qxc6 Rf6 37. Qb5+ Kc8 38. Qa4 Re6 0-1

[Event "FRA-chT2 0910"]
[Site "France"]
[Date "2009.10.04"]
[Round "1.2"]
[White "Soyez, Cyril"]
[Black "Wallart, Adrien"]
[Result "0-1"]
[WhiteElo "2246"]
[BlackElo "2169"]
[PlyCount "62"]
[EventDate "2009.09.27"]
[EventType "team"]
[EventRounds "11"]
[EventCountry "FRA"]
[Source "ChessBase"]
[SourceDate "2010.03.11"]

1. c4 f5 2. g3 Nf6 3. Bg2 g6 4. Nc3 Bg7 5. Nf3 d6 6. d4 O-O 7. O-O Qe8 8. d5
Na6 9. Nd4 Nc5 10. Rb1 a5 11. Ncb5 Qd8 12. Nb3 Nfe4 13. Nxc5 Nxc5 14. Be3 Nd7
15. b3 Nf6 16. c5 Bd7 17. Nd4 Ra6 18. c6 bxc6 19. Qd3 Ra8 20. dxc6 Bc8 21. b4
e5 22. Qb3+ d5 23. Nc2 a4 24. Qa3 d4 25. Rfd1 Ne4 26. b5 Qf6 27. Nxd4 exd4 28.
Bxd4 Qf7 29. Bxg7 Qxg7 30. Rb4 Qe7 31. Rd3 Qc5 0-1

[Event "FRA-chT2 0910"]
[Site "France"]
[Date "2009.10.04"]
[Round "1.2"]
[White "Stojanov, Stanislav"]
[Black "Guadalpi, David"]
[Result "1/2-1/2"]
[WhiteElo "2279"]
[BlackElo "2321"]
[PlyCount "27"]
[EventDate "2009.09.27"]
[EventType "team"]
[EventRounds "11"]
[EventCountry "FRA"]
[Source "ChessBase"]
[SourceDate "2010.03.11"]

1. Nf3 d5 2. c4 c6 3. g3 Nf6 4. Bg2 Bg4 5. cxd5 Bxf3 6. Bxf3 cxd5 7. d3 e6 8.
O-O Nc6 9. Nc3 Be7 10. Bg2 O-O 11. Bd2 Rc8 12. a3 a6 13. Qa4 Qd7 14. Rfc1
1/2-1/2